| 000 | 00945nam a22002537a 4500 | ||
|---|---|---|---|
| 003 | URS | ||
| 005 | 20230802105800.0 | ||
| 008 | 200219b ||||| |||| 00| 0 eng d | ||
| 020 | _a9789712348754 | ||
| 040 |
_bEnglish _cURS _erda |
||
| 050 |
_aHM51 _b.P176 2007 |
||
| 100 |
_aPalispis, Epitacio S., _eauthor. _95692 |
||
| 245 |
_aIntroduction to sociology and anthropology / _cEpitacio S. Palispis. |
||
| 260 |
_aManila : _bRex Book Store, _c©2007. |
||
| 300 |
_a497 pages ; _c23 cm. |
||
| 336 |
_atext _btxt _2rdacontent |
||
| 337 |
_aunmediated _bn _2rdamedia |
||
| 338 |
_avolume _bnc _2rdacarrier |
||
| 504 | _aIncludes index. | ||
| 505 | _aPart 1, Foundation in the study of sociology and anthropology -- Part 2, The individual in society -- Part 3, The Human society and communities -- Part 4, Social institutions -- Part 5, The transformation of society. | ||
| 650 | 0 |
_aAnthropology. _9328 |
|
| 650 | 0 | _aSociology. | |
| 942 |
_2lcc _cF |
||
| 999 |
_c10680 _d10680 |
||